00453pab a2200145 454500008004000000100001700040245011600057260000900173300001500182362001200197650003600209650002800245700001700273773001700290180718b2010 xxu||||| |||| 00| 0 eng d aTupe, Sanjay aAn empirical study of trends and determinants of Indian agricultural production for pre and post reforms period c2010 ap.285-292. aJan-Mar aAgricultural production - India aAgricultural production aKamat, Manoj aProductivity